frankish kingdom: modern day - Statistics

General Stats
  • This quiz has been taken 39 times
  • The average score is 16 of 17
Answer Stats
Answer % Correct
andorra
100%
belgium
100%
france
100%
germany
100%
italy
100%
netherlands
100%
spain
100%
austria
97%
luxembourg
97%
switzerland
97%
liechtenstein
90%
san marino
90%
vatican city
90%
croatia
87%
czech republic
87%
slovenia
84%
monaco
74%
No matching quizzes found
Score Distribution
Percent of People with Each Score
Percentile by Number Answered
Your Score History
You have not taken this quiz